LEADER 01525nam a2200325 a 4500 001 000000119907 003 CaOOAMICUS 005 20100211151649.0 008 100211t2009 it u000 u ita r 020 $a978-88-350-2450-7 040 $aPUL$bita$dReb 100 0 $aBenedictus PP.$bXVI,$d1927-2022.$0(OLS)http://pul/name/14991 245 10$aServitori della Verità :$briflessioni sull'educazione /$cJoseph Ratzinger Benedetto XVI ; a cura di Luciano Monari. 260 $aBrescia :$bEditrice La Scuola,$c©2009. 300 $a156 p. ;$c19 cm. 490 1 $aMaestri$aTesti e Profili ;$v04 504 $aBibliografia p. [13]. 650 4$aEducazione$xAspetti morali e religiosi.$0(OLS)http://pul/subject/651 700 1 $aMonari, Luciano,$cvesc. di Brescia.$0(OLS)http://pul/name/69700 830 0$aMaestri$pTesti e Profili ;$v04.$0(OLS)http://pul/title/150862 850 $aPUL 852 $aPUL$W1$xSL Religione 3$y85$m261. 8 MONLU 1$j137559$qDDC 21$B136656$CPULBib$Z2$F136656 $H112741 $82 900 $aRatzinger, Joseph,$ccard.,$d1927-2022$914991 900 $aBenedetto XVI,$cpapa,$d1927-$914991 910 $aPapi (2005-2013 : Benedictus PP. XVI)$914991 910 $aPapi (2005-2013 : Benedictus PP. XVI)$914991 941 1 $a9 996 $6020$a978-88-350-2450-7$9(OLS)http://pul/number/143231 996 $6245$aServitori della Verità :$briflessioni sull'educazione$9(OLS)http://pul/title/150861 996 $6260$aBrescia :$bEditrice La Scuola$9(OLS)http://pul/publisher/52872 LEADER 01470nam a2200325 u 4500 001 000000061138 003 CaOOAMICUS 005 20070226121006.0 008 010903s1994 gw u000 u ger u 020 $a3451021536 035 $a10900942 040 $aPUL(R)$bita 245 00$aMoralstheologie im Abseits? :$bAntwort auf die Enzyklika "Veritatis splendor" /$chrsg. von Dietmar Mieth. 260 $aFreiburg :$bHerder,$c1994. 300 $a315 p. ;$c22 cm 490 1 $aQuaestiones disputatae ;$v153 504 $aBibliografia in nota. 610 24$aPapi (1978-2005 : Iohannes Paulus PP. II).$tVeritatis splendor.$0(OLS)http://pul/subject/12931 650 4$aTeologia morale.$0(OLS)http://pul/subject/1500 700 1 $aMieth, Dietmar.$0(OLS)http://pul/name/26512 830 0$aQuaestiones disputatae (Herder) ;$v153.$0(OLS)http://pul/title/18243 850 $aPUL 852 $aPUL$W1$xSL Religione 2$y84$mTheol A6 153$j79713$nBK-PRI$b $qStampati altre collocazioni$B79713$CPULBib$Z2$F79713 $H $81 852 $aPUL$W1$xDP1 Fondo Seidl$y56$m4 D 89$j193186$b2.copia$qFondi$B198540$CPULBib$Z2$F198540 $81 941 1 $a1 941 1 $a10 961 $aINV: 72545 996 $6020$a3451021536$9(OLS)http://pul/number/79174 996 $6245$aMoralstheologie im Abseits? :$bAntwort auf die Enzyklika "Veritatis splendor"$9(OLS)http://pul/title/81648 996 $6260$aFreiburg :$bHerder$9(OLS)http://pul/publisher/48354